[Event "St.Petersburg Rapid 2014"]
[Site "St Petersburg RUS"]
[Date "2014.08.30"]
[Round "4.11"]
[White "Shkapenko, Pavel"]
[Black "Panarin, Mikhail"]
[Result "0-1"]
[WhiteTitle "IM"]
[BlackTitle "GM"]
[WhiteElo "2421"]
[BlackElo "2555"]
[WhiteFideId "4151933"]
[BlackFideId "4153251"]
[EventDate "2014.08.30"]

1. e4 c5 2. c3 d5 3. exd5 Qxd5 4. Nf3 Nf6 5. d4 e6 6. Be2 Be7 7. O-O O-O 8. Be3
cxd4 9. cxd4 Nc6 10. Nc3 Qd6 11. Qb3 b6 12. Rfd1 Bb7 13. Bg5 Rfd8 14. Bh4 Qb4
15. Qxb4 Nxb4 16. Rac1 Rac8 17. Ne5 Kf8 18. a3 Nbd5 19. Nxd5 Nxd5 20. Bg3 Bg5
21. Rc4 f6 22. Nf3 Bh6 23. Re1 Kf7 24. b3 Nc3 25. Bd3 Bd5 26. h4 g6 27. a4 Rxc4
28. Bxc4 Bxc4 29. bxc4 Rc8 30. d5 exd5 31. cxd5 Nxd5 32. Nd4 a6 33. Nb3 Rc3 34.
Rd1 Ne7 35. Nd4 Rc1 36. Rxc1 Bxc1 37. Kf1 Bb2 38. Nb3 Ke6 39. Ke2 Kd5 40. f3 Nf5
41. Bf2 Nd4+ 42. Bxd4 Bxd4 43. Kd3 Bf2 44. h5 gxh5 45. Nd2 f5 46. Nb3 h4 47. Nc1
Kc5 48. Kc3 Be1+ 49. Kc2 Kd4 50. Kd1 Bb4 51. Ke2 Bd6 52. a5 b5 53. Nd3 Kc3 54.
Nc1 b4 55. Kd1 b3 56. Ne2+ Kc4 57. Kc1 Bc7 0-1

[Event "St.Petersburg Rapid 2014"]
[Site "St Petersburg RUS"]
[Date "2014.08.30"]
[Round "4.12"]
[White "Romanov, Evgeny"]
[Black "Vavulin, Maksim"]
[Result "1-0"]
[WhiteTitle "GM"]
[BlackTitle "IM"]
[WhiteElo "2643"]
[BlackElo "2425"]
[WhiteFideId "4148843"]
[BlackFideId "4169530"]
[EventDate "2014.08.30"]

1. c4 e5 2. Nc3 Nf6 3. Nf3 Nc6 4. g3 Nd4 5. Bg2 Nxf3+ 6. Bxf3 Bc5 7. O-O O-O 8.
Na4 Be7 9. d4 d6 10. Bg2 c6 11. b4 exd4 12. Qxd4 Ng4 13. Bb2 Bf6 14. Qf4 Bg5 15.
Qf3 Be6 16. Rfd1 Qe7 17. Bd4 Rfd8 18. Qc3 Bf6 19. h3 Bxd4 20. Qxd4 Nf6 21. e4
Rac8 22. c5 dxc5 23. Qxc5 Rxd1+ 24. Rxd1 Qxc5 25. Nxc5 b6 26. Nxe6 fxe6 27. f4
Kf7 28. Kf2 Ke7 29. Ke3 c5 30. Rc1 Nd7 31. e5 Kd8 32. b5 Nb8 33. h4 Rc7 34. h5
h6 35. g4 Ke7 36. Be4 Rd7 37. g5 Kf8 38. Rg1 hxg5 39. fxg5 Kg8 40. h6 Rd4 41.
h7+ Kh8 42. Rf1 Rd8 43. g6 c4 44. Rc1 Rc8 45. Kd4 Nd7 46. Bc6 Nf8 47. Rg1 a6 48.
Kxc4 a5 49. Kd4 Rd8+ 50. Ke3 Rc8 51. Be4 Nd7 52. Kd4 Rd8 53. Bc6 Nc5+ 54. Ke3 a4
55. Rf1 a3 56. Rf7 Nd3 57. Re7 Nb4 58. Rxe6 Nxa2 59. Rd6 Rb8 60. e6 Nc3 61. e7 1-0

[Event "St.Petersburg Rapid 2014"]
[Site "St Petersburg RUS"]
[Date "2014.08.31"]
[Round "5.1"]
[White "Shirov, Alexei"]
[Black "Morozevich, Alexander"]
[Result "0-1"]
[WhiteTitle "GM"]
[BlackTitle "GM"]
[WhiteElo "2709"]
[BlackElo "2731"]
[WhiteFideId "2209390"]
[BlackFideId "4116992"]
[EventDate "2014.08.30"]

1. e4 e5 2. Nf3 Nc6 3. Bc4 Bc5 4. d3 Nf6 5. Nc3 h6 6. Be3 Bb4 7. O-O Bxc3 8.
bxc3 d6 9. Nd2 g5 10. d4 Qe7 11. Bd5 Nd8 12. Nb3 c6 13. dxe5 Ng4 14. Bd4 cxd5
15. exd6 Qxd6 16. e5 Qg6 17. e6 Nf6 18. f4 g4 19. f5 Qg5 20. Qd2 Qxd2 21. Nxd2
Ke7 22. Bc5+ Ke8 23. Bd4 Ke7 24. c4 Nc6 25. Bxf6+ Kxf6 26. cxd5 Nd4 27. Rae1
Nxf5 28. Ne4+ Kg6 29. exf7 Rf8 30. Nc5 Rxf7 31. Re8 Ng7 32. Rxf7 Kxf7 33. Rd8
Ke7 34. Rh8 Kd6 35. Ne4+ Ke5 36. Nc3 b6 37. Nb5 Bb7 38. Rh7 Rg8 39. c4 a6 40.
Nc7 Nf5 41. Kf2 Rg7 42. Rxg7 Nxg7 0-1

[Event "St.Petersburg Rapid 2014"]
[Site "St Petersburg RUS"]
[Date "2014.08.31"]
[Round "5.2"]
[White "Kovalenko, Igor"]
[Black "Rodshtein, Maxim"]
[Result "1/2-1/2"]
[WhiteTitle "GM"]
[BlackTitle "GM"]
[WhiteElo "2650"]
[BlackElo "2671"]
[WhiteFideId "14117908"]
[BlackFideId "2806851"]
[EventDate "2014.08.30"]

1. d4 d5 2. c4 c6 3. Nc3 Nf6 4. Nf3 e6 5. Bg5 h6 6. Bxf6 Qxf6 7. e3 g6 8. Rc1
Nd7 9. cxd5 exd5 10. Bd3 Bg7 11. b4 Qd6 12. Qb3 a6 13. a4 O-O 14. O-O Rd8 15. h3
Nf8 16. b5 axb5 17. axb5 c5 18. dxc5 Qxc5 19. Na4 Qa7 20. Nc5 b6 21. Na6 Ne6 22.
Rfd1 Bxa6 23. bxa6 Nc5 24. Qb5 Nxd3 25. Rxd3 Qxa6 26. Rxd5 Rxd5 27. Qxd5 Rc8 28.
Rb1 Rb8 29. Rb5 Qa1+ 30. Kh2 Qf6 31. Qb3 Bf8 32. Kg1 Ra8 33. Qd3 Bd6 34. Rb1 Ra1
35. Qd1 Rxb1 36. Qxb1 Bc5 37. Nd2 Qc6 38. Qc2 Qd5 39. Nb3 Bf8 40. e4 Qe5 41. g3
b5 42. Kg2 Qe6 43. Qd3 b4 44. h4 Qc6 45. Kf1 1/2-1/2

[Event "St.Petersburg Rapid 2014"]
[Site "St Petersburg RUS"]
[Date "2014.08.31"]
[Round "5.4"]
[White "Vitiugov, Nikita"]
[Black "Romanov, Evgeny"]
[Result "1/2-1/2"]
[WhiteTitle "GM"]
[BlackTitle "GM"]
[WhiteElo "2742"]
[BlackElo "2643"]
[WhiteFideId "4152956"]
[BlackFideId "4148843"]
[EventDate "2014.08.30"]

1. d4 d5 2. c4 dxc4 3. Nf3 Nf6 4. e3 b5 5. a4 b4 6. Bxc4 e6 7. O-O Be7 8. b3 O-O
9. Bb2 Nbd7 10. Qe2 c5 11. Nbd2 Bb7 12. Rac1 cxd4 13. Bxd4 Qa5 14. Bb5 a6 15.
Nc4 Qd8 16. Bxd7 Nxd7 17. Rfd1 Rc8 18. Nfe5 Nf6 19. Bb6 Qe8 20. Na5 Rxc1 21.
Rxc1 Qb8 22. Nec6 Bxc6 23. Rxc6 Qe5 24. Rc1 Ne4 25. Nc6 Qd6 26. Nxe7+ Qxe7 27.
Qc4 Nc3 28. Bc5 Qc7 29. Bxf8 Qxc4 30. bxc4 Kxf8 31. Kf1 Ke7 32. Rxc3 bxc3 33.
Ke2 Kd6 34. Kd3 Kc5 35. Kxc3 a5 36. f4 f6 37. e4 e5 38. f5 Kc6 39. Kb3 Kc5 40.
Kc3 Kc6 1/2-1/2

[Event "St.Petersburg Rapid 2014"]
[Site "St Petersburg RUS"]
[Date "2014.08.31"]
[Round "5.5"]
[White "Popov, Valerij"]
[Black "Rublevsky, Sergei"]
[Result "1/2-1/2"]
[WhiteTitle "GM"]
[BlackTitle "GM"]
[WhiteElo "2546"]
[BlackElo "2698"]
[WhiteFideId "4119410"]
[BlackFideId "4115309"]
[EventDate "2014.08.30"]

1. Nf3 d5 2. c4 c6 3. e3 Nf6 4. Nc3 a6 5. d4 b5 6. b3 Bg4 7. Be2 e6 8. O-O Nbd7
9. h3 Bf5 10. Bb2 Bd6 11. Nh4 Be4 12. Nf3 Bg6 13. Nh4 Ne4 14. Nxg6 Nxc3 15. Bxc3
hxg6 16. Rc1 f5 17. a4 b4 18. Bd2 a5 19. cxd5 cxd5 20. Bb5 Kf7 21. Bxd7 Qxd7 22.
Qe2 Rhc8 23. Rfd1 Rxc1 24. Rxc1 Rc8 25. Rxc8 Qxc8 26. Qd3 g5 27. Kf1 Qc6 1/2-1/2

[Event "St.Petersburg Rapid 2014"]
[Site "St Petersburg RUS"]
[Date "2014.08.31"]
[Round "5.6"]
[White "Matlakov, Maxim"]
[Black "Lintchevski, Daniil"]
[Result "1-0"]
[WhiteTitle "GM"]
[BlackTitle "GM"]
[WhiteElo "2685"]
[BlackElo "2555"]
[WhiteFideId "4168003"]
[BlackFideId "4171055"]
[EventDate "2014.08.30"]

1. c4 c6 2. Nf3 Nf6 3. d4 d5 4. g3 dxc4 5. Bg2 e6 6. O-O b5 7. b3 cxb3 8. axb3
Bb7 9. Bg5 Nbd7 10. Nc3 Be7 11. Qc2 O-O 12. Ne5 Nxe5 13. dxe5 Nd7 14. Bxe7 Qxe7
15. Nxb5 Nxe5 16. Nxa7 c5 17. Bxb7 Qxb7 18. Qxc5 Nd7 19. Qd4 Nf6 20. b4 Rfd8 21.
Qc5 Nd7 22. Qa5 Nb6 23. Qa6 Qxa6 24. Rxa6 Nc8 25. Rfa1 Nxa7 26. Rxa7 Rab8 27.
Rb1 Rd5 28. b5 Kf8 29. b6 Rd6 30. Rc1 1-0

[Event "St.Petersburg Rapid 2014"]
[Site "St Petersburg RUS"]
[Date "2014.08.31"]
[Round "5.7"]
[White "Zvjaginsev, Vadim"]
[Black "Goganov, Aleksey"]
[Result "1-0"]
[WhiteTitle "GM"]
[BlackTitle "GM"]
[WhiteElo "2659"]
[BlackElo "2604"]
[WhiteFideId "4113403"]
[BlackFideId "24109959"]
[EventDate "2014.08.30"]

1. c4 Nf6 2. Nc3 e6 3. Nf3 Bb4 4. g4 d6 5. g5 Nfd7 6. h4 c5 7. Qc2 Nc6 8. b3
Nde5 9. Nxe5 dxe5 10. e3 h6 11. Rg1 hxg5 12. hxg5 Bxc3 13. Qxc3 Rh5 14. f4 exf4
15. Qxg7 fxe3 16. dxe3 Nb4 17. Bb2 Nc2+ 18. Ke2 Rh2+ 19. Bg2 Qe7 20. Bf6 1-0

[Event "St.Petersburg Rapid 2014"]
[Site "St Petersburg RUS"]
[Date "2014.08.31"]
[Round "5.8"]
[White "Chigaev, Maksim"]
[Black "Lysyj, Igor"]
[Result "1/2-1/2"]
[WhiteTitle "IM"]
[BlackTitle "GM"]
[WhiteElo "2483"]
[BlackElo "2683"]
[WhiteFideId "4108116"]
[BlackFideId "4150120"]
[EventDate "2014.08.30"]

1. d4 Nf6 2. Bg5 d5 3. Nd2 Nbd7 4. e3 e6 5. c3 Be7 6. f4 h6 7. Bxf6 Bxf6 8. Ngf3
c5 9. Bd3 Qc7 10. g3 Be7 11. O-O O-O 12. Qe2 b6 13. g4 Qd8 14. Qg2 a5 15. h4 Ba6
16. Bxa6 Rxa6 17. g5 h5 18. Ne5 g6 19. Nc6 Qe8 20. f5 exf5 21. Qxd5 b5 22. e4
cxd4 23. cxd4 Nb8 24. Nxe7+ Qxe7 25. exf5 Rd6 26. Qe4 Qxe4 27. Nxe4 Rxd4 28.
Nf6+ Kg7 29. Rae1 Rxh4 30. Ne8+ Kh7 31. fxg6+ Kxg6 32. Rf6+ Kxg5 33. Re5+ Kg4
34. Re4+ Kg5 35. Re5+ Kg4 36. Re4+ Kg5 37. Re5+ 1/2-1/2

[Event "St.Petersburg Rapid 2014"]
[Site "St Petersburg RUS"]
[Date "2014.08.31"]
[Round "5.9"]
[White "Sysolyatin, Evgeny"]
[Black "Khismatullin, Denis"]
[Result "1-0"]
[WhiteTitle "FM"]
[BlackTitle "GM"]
[WhiteElo "2289"]
[BlackElo "2681"]
[WhiteFideId "4154916"]
[BlackFideId "4142578"]
[EventDate "2014.08.30"]

1. e4 c5 2. Nf3 d6 3. d4 cxd4 4. Nxd4 Nf6 5. Nc3 a6 6. f3 e6 7. Be3 b5 8. g4
Nfd7 9. Qd2 Nb6 10. a3 N8d7 11. Qf2 Bb7 12. O-O-O Rc8 13. Bd2 Ne5 14. h4 Nec4
15. Be1 g6 16. h5 g5 17. Bxc4 Nxc4 18. Rh2 Bg7 19. Qe2 Be5 20. Rh1 Qf6 21. Qd3
O-O 22. Bf2 Rc7 23. Nce2 d5 24. exd5 Bxd5 25. c3 Rb8 26. Rhf1 a5 27. f4 Bxf4+
28. Kb1 Qe5 29. Ka1 Be4 30. Qh3 b4 31. Nxf4 gxf4 32. Nf3 Qb5 33. Qh4 Rcc8 34.
Nd4 Qe5 35. Nf3 Bxf3 36. Bd4 Qd5 37. Rxf3 bxc3 38. Rxc3 e5 39. Qg5+ Kf8 40. Rcd3
Qe6 41. Bc5+ Rxc5 42. Rd8+ Rxd8 43. Rxd8+ Qe8 44. Qh6+ Ke7 45. Rxe8+ Kxe8 46.
Qxh7 a4 47. Qc2 f3 48. Qf2 Na5 49. Qxf3 Rc4 50. Ka2 Nb3 51. h6 Nc1+ 52. Kb1 Nb3
53. Qa8+ Ke7 54. Qa7+ Ke8 55. Qb8+ Ke7 56. Qxe5+ Kf8 57. Qb8+ Ke7 58. Qb7+ Kf8
59. Qb8+ Ke7 60. Qe5+ Kf8 61. Qg7+ Ke7 62. Qg5+ f6 63. Qg7+ Ke6 64. Qg8+ Ke7 65.
Qxc4 1-0

[Event "St.Petersburg Rapid 2014"]
[Site "St Petersburg RUS"]
[Date "2014.08.31"]
[Round "5.10"]
[White "Dzhangobegov, Vladimir"]
[Black "Dreev, Aleksey"]
[Result "0-1"]
[WhiteTitle "FM"]
[BlackTitle "GM"]
[WhiteElo "2324"]
[BlackElo "2662"]
[WhiteFideId "4180984"]
[BlackFideId "4100107"]
[EventDate "2014.08.30"]

1. e4 c6 2. d4 d5 3. e5 Bf5 4. Nf3 e6 5. Be2 Ne7 6. O-O Bg6 7. c3 Nf5 8. Na3
Bxa3 9. bxa3 Nd7 10. a4 O-O 11. Ba3 Re8 12. Rb1 b6 13. Bd3 c5 14. Qd2 Rc8 15.
Rfc1 Rc7 16. h3 Nh4 17. Nxh4 Qxh4 18. Bxg6 hxg6 19. a5 Rec8 20. a6 g5 21. Qd3
Qh7 22. Qe3 Qf5 23. Rd1 Qf4 24. Bc1 Qxe3 25. Bxe3 f6 26. f4 cxd4 27. cxd4 gxf4
28. Bxf4 fxe5 29. dxe5 Rc2 30. Rdc1 Rxc1+ 31. Rxc1 Rxc1+ 32. Bxc1 Nxe5 33. Bf4
Nd7 34. Bd6 Kf7 35. Kf2 e5 36. Ke3 Ke6 37. Bc7 d4+ 38. Kf3 Kd5 39. g4 e4+ 40.
Ke2 e3 41. a4 Ke4 42. a5 d3+ 43. Ke1 bxa5 44. Bxa5 Ne5 0-1

[Event "St.Petersburg Rapid 2014"]
[Site "St Petersburg RUS"]
[Date "2014.08.31"]
[Round "5.11"]
[White "Moiseenko, Alexander"]
[Black "Ekdyshman, Mikhail"]
[Result "1-0"]
[WhiteTitle "GM"]
[BlackTitle "IM"]
[WhiteElo "2707"]
[BlackElo "2371"]
[WhiteFideId "14102560"]
[BlackFideId "4149416"]
[EventDate "2014.08.30"]

1. d4 Nf6 2. c4 c5 3. d5 b5 4. cxb5 a6 5. e3 axb5 6. Bxb5 Qa5+ 7. Nc3 Bb7 8. e4
Nxe4 9. Ne2 Nd6 10. Bd3 g6 11. O-O Bg7 12. Bg5 h6 13. Bf4 O-O 14. Qd2 Kh7 15.
Qe3 c4 16. Bc2 Nc8 17. h4 Qb6 18. Qg3 Na6 19. h5 Nb4 20. hxg6+ fxg6 21. Be4 Nd3
22. Be3 Qd6 23. f4 Ra6 24. f5 Qxg3 25. Nxg3 Nxb2 26. fxg6+ Kg8 27. Rxf8+ Kxf8
28. Rf1+ Kg8 29. Nf5 Rxg6 30. Nxg7 Rxg7 31. Rb1 Nd6 32. Rxb2 Nxe4 33. Nxe4 Bxd5
34. Nc3 Bc6 35. Bxh6 Rg3 36. Rc2 d5 37. Ne2 Rg4 38. Bf4 Kf7 39. Nd4 Rxf4 40.
Nxc6 Rf6 41. Rf2 c3 42. Nb4 d4 43. Nd3 Ke6 44. Rxf6+ Kxf6 45. Kf2 e5 46. Kf3 1-0

[Event "St.Petersburg Rapid 2014"]
[Site "St Petersburg RUS"]
[Date "2014.08.31"]
[Round "5.12"]
[White "Alekseev, Evgeny"]
[Black "Usmanov, Vasily"]
[Result "1-0"]
[WhiteTitle "GM"]
[WhiteElo "2675"]
[BlackElo "2431"]
[WhiteFideId "4138147"]
[BlackFideId "4135741"]
[EventDate "2014.08.30"]

1. e4 c5 2. Nf3 Nc6 3. d4 cxd4 4. Nxd4 Nf6 5. Nc3 d6 6. Bg5 e6 7. Qd2 a6 8.
O-O-O Bd7 9. f4 h6 10. Bh4 Nxe4 11. Qe1 Nf6 12. Nf5 Qa5 13. Nxd6+ Bxd6 14. Rxd6
Qc7 15. Qd2 O-O-O 16. Be2 Ne7 17. Rd1 Nf5 18. Bxf6 gxf6 19. Rd3 Bc6 20. g3 Rxd3
21. Bxd3 Rd8 22. Qf2 Nd4 23. Ne2 Bf3 24. Nxd4 Bxd1 25. Kxd1 Qc5 26. c3 Kb8 27.
Qe2 Qd5 28. Bc4 Qc5 29. Bd3 Qd5 30. Kc2 Qxa2 31. Nb3 Rd6 32. Qe3 Qa4 33. Qe4 Qd7
34. Nc5 Qc7 35. Qe3 f5 36. Be2 Rc6 37. b4 a5 38. Bf3 axb4 39. Bxc6 Qxc6 40. Qe5+
Ka7 41. Qd4 bxc3 42. Nxe6+ b6 43. Nd8 Qe8 44. Kxc3 Qe1+ 45. Kc4 Qe2+ 46. Kd5 Kb8
47. Qe5+ 1-0

[Event "St.Petersburg Rapid 2014"]
[Site "St Petersburg RUS"]
[Date "2014.08.31"]
[Round "6.1"]
[White "Morozevich, Alexander"]
[Black "Matlakov, Maxim"]
[Result "1-0"]
[WhiteTitle "GM"]
[BlackTitle "GM"]
[WhiteElo "2731"]
[BlackElo "2685"]
[WhiteFideId "4116992"]
[BlackFideId "4168003"]
[EventDate "2014.08.30"]

1. e4 e5 2. Nf3 Nc6 3. d4 exd4 4. Nxd4 Nf6 5. Nxc6 bxc6 6. e5 Qe7 7. Qe2 Nd5 8.
Nd2 g6 9. c4 Ba6 10. Nf3 Qb4+ 11. Kd1 Bg7 12. Qc2 Ne7 13. Qb3 c5 14. Qxb4 cxb4
15. Bd3 O-O 16. Re1 Nc6 17. Kc2 d5 18. cxd5 Bxd3+ 19. Kxd3 Rfd8 20. Kc4 Na5+ 21.
Kc5 Rab8 22. Bg5 Rd7 23. Rad1 c6 24. d6 Rb5+ 25. Kd4 Rxd6+ 26. Ke4 Rdd5 27. Rxd5
cxd5+ 28. Kd3 Nc6 29. Bf6 Rc5 30. Re2 Bf8 31. Nd4 h6 32. Nxc6 Rxc6 33. Kd4 Bg7
34. Kxd5 Rc1 35. Be7 a5 36. f4 h5 37. g3 Bf8 38. Bd6 a4 39. Re4 b3 40. Rxa4 bxa2
41. Rxa2 Bh6 42. b4 1-0

[Event "St.Petersburg Rapid 2014"]
[Site "St Petersburg RUS"]
[Date "2014.08.31"]
[Round "6.2"]
[White "Sysolyatin, Evgeny"]
[Black "Zvjaginsev, Vadim"]
[Result "0-1"]
[WhiteTitle "FM"]
[BlackTitle "GM"]
[WhiteElo "2289"]
[BlackElo "2659"]
[WhiteFideId "4154916"]
[BlackFideId "4113403"]
[EventDate "2014.08.30"]

1. e4 c5 2. Nf3 g6 3. g3 Bg7 4. Bg2 Nc6 5. O-O d6 6. h3 e5 7. c3 Nge7 8. d4 cxd4
9. cxd4 Nxd4 10. Nxd4 exd4 11. Nd2 O-O 12. Nb3 Nc6 13. Bf4 a5 14. Qd2 Be6 15.
Rfd1 a4 16. Nc1 d5 17. e5 Nxe5 18. Bxe5 Bxe5 19. Nd3 Bg7 20. Qb4 Qd7 21. Kh2
Rfc8 22. Rac1 Rc4 23. Rxc4 dxc4 24. Nc5 Qd6 25. Qb5 Rf8 26. Nxb7 Qe5 27. Qxa4 d3
28. Qc6 Qxb2 29. Nc5 Rc8 0-1

[Event "St.Petersburg Rapid 2014"]
[Site "St Petersburg RUS"]
[Date "2014.08.31"]
[Round "6.3"]
[White "Rozum, Ivan"]
[Black "Kovalenko, Igor"]
[Result "1-0"]
[WhiteTitle "IM"]
[BlackTitle "GM"]
[WhiteElo "2552"]
[BlackElo "2650"]
[WhiteFideId "24104272"]
[BlackFideId "14117908"]
[EventDate "2014.08.30"]

1. d4 Nf6 2. c4 e6 3. Nf3 b6 4. g3 Ba6 5. Qa4 Be7 6. Bg2 O-O 7. O-O c6 8. Nc3 d5
9. cxd5 cxd5 10. Bf4 Qe8 11. Qxe8 Rxe8 12. Ne5 Nbd7 13. Nxd7 Nxd7 14. Rfc1 Rac8
15. a4 g5 16. Bd2 Bc4 17. e4 dxe4 18. Bxe4 f5 19. Bb7 Rc7 20. Nb5 Rxb7 21. Rxc4
a6 22. Nc7 Rc8 23. Rac1 b5 24. axb5 axb5 25. Rc6 Nb8 26. R6c2 Kf7 27. d5 exd5
28. Nxd5 Rxc2 29. Rxc2 h6 30. Nxe7 Kxe7 31. Rc5 Kf6 32. Bc3+ Kg6 33. Be5 b4 34.
Kg2 b3 35. h3 Nd7 36. Rc6+ Kh7 37. Bd4 Rb5 38. Rd6 Rb7 39. Kf3 Nb8 40. Ke3 Rc7
41. Rb6 Nc6 42. Bc3 Kg6 43. Rxb3 Kh5 44. Rb5 Ne7 45. Kf3 Rd7 46. Re5 Nd5 47.
Rxf5 Nxc3 48. bxc3 Rd3+ 49. Ke4 Rxc3 50. Rf6 g4 51. Rf5+ Kg6 52. hxg4 Rc4+ 53.
Kf3 Rc3+ 54. Kg2 Ra3 55. Rb5 Ra6 56. f4 Ra2+ 57. Kh3 Ra1 58. g5 h5 59. g4 hxg4+
60. Kxg4 Rg1+ 61. Kf3 Kh5 62. Rb6 Rf1+ 63. Ke3 Kg4 64. Rf6 Re1+ 65. Kf2 Ra1 66.
g6 Kh5 67. f5 Kg5 68. Rf7 Kf4 69. Ke2 Ke4 70. Kd2 Kd4 71. Kc2 Rg1 72. g7 Kc4 73.
Rc7+ Kd5 74. f6 Ke6 75. Rc8 1-0

[Event "St.Petersburg Rapid 2014"]
[Site "St Petersburg RUS"]
[Date "2014.08.31"]
[Round "6.4"]
[White "Khairullin, Ildar"]
[Black "Savchenko, Boris"]
[Result "1-0"]
[WhiteTitle "GM"]
[BlackTitle "GM"]
[WhiteElo "2638"]
[BlackElo "2596"]
[WhiteFideId "4151348"]
[BlackFideId "4147332"]
[EventDate "2014.08.30"]

1. d4 Nf6 2. c4 e6 3. Nf3 c5 4. e3 d5 5. Nc3 Nc6 6. cxd5 exd5 7. Bb5 cxd4 8.
Nxd4 Bd7 9. O-O Bd6 10. Nf3 Bg4 11. h3 Be6 12. b3 a6 13. Bd3 Qe7 14. Bb2 g5 15.
e4 d4 16. Nd5 Nxd5 17. exd5 Bxd5 18. Re1 Be6 19. Nxd4 Nxd4 20. Bxd4 Rf8 21. Qf3
Qd7 22. Bg7 Rg8 23. Bf6 h5 24. Bf5 g4 25. hxg4 hxg4 26. Bxg4 Qc6 27. Bxe6 fxe6
28. Qxc6+ bxc6 29. Rad1 Bf4 30. Rxe6+ Kf7 31. Re4 Rg4 32. Rdd4 Rag8 33. Rxf4 1-0

[Event "St.Petersburg Rapid 2014"]
[Site "St Petersburg RUS"]
[Date "2014.08.31"]
[Round "6.5"]
[White "Aleksandrov, Aleksej"]
[Black "Vitiugov, Nikita"]
[Result "1/2-1/2"]
[WhiteTitle "GM"]
[BlackTitle "GM"]
[WhiteElo "2595"]
[BlackElo "2742"]
[WhiteFideId "13500139"]
[BlackFideId "4152956"]
[EventDate "2014.08.30"]

1. d4 Nf6 2. c4 e6 3. Nc3 Bb4 4. e3 O-O 5. Bd3 c5 6. Nf3 b6 7. O-O Bxc3 8. bxc3
Bb7 9. Nd2 Nc6 10. Nb3 Ba6 11. Re1 Rc8 12. a4 d6 13. Bf1 Re8 14. e4 cxd4 15.
cxd4 e5 16. d5 Nb8 17. Nd2 Nbd7 18. Bb2 Nc5 19. Bc3 Nfd7 20. a5 Qc7 21. g3 Rb8
22. axb6 axb6 23. Qb1 Rb7 24. Ra3 Reb8 25. Qa2 b5 26. Rxa6 Nxa6 27. Qxa6 b4 28.
Bb2 Ra7 29. Qc6 Qd8 30. c5 Nxc5 31. Nc4 Ra6 32. Nxe5 Rxc6 33. Nxc6 Qb6 34. Nxb8
Qxb8 35. e5 Kf8 36. e6 f6 37. Ra1 b3 38. Ra5 Qb4 39. Ra8+ Ke7 40. Ra7+ Kf8 41.
Rf7+ Kg8 42. Ra7 Kf8 43. Ra8+ Ke7 44. Ra7+ Kf8 1/2-1/2

[Event "St.Petersburg Rapid 2014"]
[Site "St Petersburg RUS"]
[Date "2014.08.31"]
[Round "6.6"]
[White "Dreev, Aleksey"]
[Black "Panarin, Mikhail"]
[Result "0-1"]
[WhiteTitle "GM"]
[BlackTitle "GM"]
[WhiteElo "2662"]
[BlackElo "2555"]
[WhiteFideId "4100107"]
[BlackFideId "4153251"]
[EventDate "2014.08.30"]

1. d4 Nf6 2. c4 e6 3. Nc3 c5 4. d5 exd5 5. cxd5 d6 6. Nf3 g6 7. Nd2 Bg7 8. e4
O-O 9. Be2 Re8 10. O-O Nbd7 11. h3 a6 12. a4 g5 13. Nc4 Nxe4 14. Nxe4 Rxe4 15.
Nxd6 Rd4 16. Qc2 Nb6 17. Nxc8 Rxc8 18. Be3 Rb4 19. Bg4 Rc7 20. Rad1 Bd4 21. Rfe1
Nxd5 22. Qf5 h6 23. h4 Re7 24. Qf3 Rb3 25. Kh1 Nxe3 26. fxe3 Qe8 27. Qd5 Rbxe3
28. Rf1 R3e4 29. Qf5 Rxg4 30. Qxg4 Re4 31. Rxd4 cxd4 32. Qf3 Rxh4+ 33. Kg1 Rf4
34. Qb3 Qe3+ 0-1

[Event "St.Petersburg Rapid 2014"]
[Site "St Petersburg RUS"]
[Date "2014.08.31"]
[Round "6.7"]
[White "Romanov, Evgeny"]
[Black "Moiseenko, Alexander"]
[Result "0-1"]
[WhiteTitle "GM"]
[BlackTitle "GM"]
[WhiteElo "2643"]
[BlackElo "2707"]
[WhiteFideId "4148843"]
[BlackFideId "14102560"]
[EventDate "2014.08.30"]

1. c4 e5 2. Nc3 Bb4 3. Nd5 Bc5 4. Nf3 e4 5. d4 Bf8 6. Bf4 exf3 7. exf3 d6 8.
Qa4+ c6 9. O-O-O b5 10. cxb5 cxd5 11. b6+ Bd7 12. Bb5 Qxb6 13. Rhe1+ Be7 14.
Bxd7+ Nxd7 15. Rd2 Nf6 16. g4 Rc8+ 17. Kd1 Rc4 0-1

[Event "St.Petersburg Rapid 2014"]
[Site "St Petersburg RUS"]
[Date "2014.08.31"]
[Round "6.8"]
[White "Rublevsky, Sergei"]
[Black "Levin, Evgeny A."]
[Result "1/2-1/2"]
[WhiteTitle "GM"]
[BlackTitle "GM"]
[WhiteElo "2698"]
[BlackElo "2507"]
[WhiteFideId "4115309"]
[BlackFideId "4182596"]
[EventDate "2014.08.30"]

1. e4 e6 2. d4 d5 3. Nd2 c5 4. Ngf3 cxd4 5. exd5 Qxd5 6. Bc4 Qd7 7. O-O Nc6 8.
Nb3 a6 9. Nbxd4 Nxd4 10. Nxd4 Nf6 11. Bg5 Bc5 12. c3 b5 13. Bb3 Bb7 14. Bxf6
gxf6 15. Qh5 Bxd4 16. cxd4 O-O-O 17. Rad1 Kb8 18. Qh4 f5 19. d5 exd5 20. Rd4 Ka8
21. Rfd1 Qe6 22. Qh5 Rhe8 23. g3 Qg6 24. Qf3 Re5 25. Bxd5 Rexd5 26. Rxd5 Rxd5
27. Rxd5 Bxd5 28. Qxd5+ Ka7 29. Qd4+ Kb7 30. Qd5+ Kb6 31. Qd8+ Kb7 32. Qd7+ Kb6
33. Kg2 Qf6 34. b3 Kc5 35. Qd2 Qc6+ 36. f3 Qf6 37. Kh3 Qe6 38. Qf4 Qf6 39. a4
bxa4 40. Qc4+ Kb6 41. Qb4+ Kc7 42. bxa4 Qh6+ 43. Kg2 Qe6 44. Qb2 Qd5 45. Qc3+
Kd7 46. a5 Qe6 47. Qd3+ Ke7 48. Qa3+ Kf6 49. Qb2+ Ke7 50. h4 h6 51. h5 Kf8 52.
Kf2 Kg8 53. Qb6 Qa2+ 54. Ke3 Qc4 55. Qd8+ Kh7 56. Qb6 Qc1+ 57. Ke2 Qc2+ 58. Ke3
Qc1+ 59. Ke2 Qc2+ 60. Ke3 Qc1+ 1/2-1/2

[Event "St.Petersburg Rapid 2014"]
[Site "St Petersburg RUS"]
[Date "2014.08.31"]
[Round "6.9"]
[White "Yemelin, Vasily"]
[Black "Shirov, Alexei"]
[Result "1-0"]
[WhiteTitle "GM"]
[BlackTitle "GM"]
[WhiteElo "2573"]
[BlackElo "2709"]
[WhiteFideId "4113217"]
[BlackFideId "2209390"]
[EventDate "2014.08.30"]

1. e4 c5 2. Nf3 Nc6 3. d4 cxd4 4. Nxd4 e5 5. Nb5 d6 6. c4 Be7 7. N1c3 a6 8. Na3
Be6 9. Nc2 Bg5 10. Bxg5 Qxg5 11. h4 Qd8 12. Qd2 Nf6 13. O-O-O O-O 14. Qxd6 Qb6
15. Qd2 Qa5 16. Ne3 b5 17. Ned5 Bxd5 18. exd5 Nd4 19. f4 b4 20. fxe5 bxc3 21.
Qxc3 Qxa2 22. Qxd4 Nd7 23. Rh3 Qa1+ 24. Kc2 Qa4+ 25. b3 Qa2+ 26. Qb2 Qa5 27. Qc3
Qa2+ 28. Qb2 Qa5 29. Rg3 f6 30. e6 Ne5 31. Qc3 Qa2+ 32. Qb2 Qa5 33. b4 Qc7 34.
d6 Qc6 35. e7 Rfc8 36. c5 a5 37. Qd4 Qa4+ 38. Kd2 axb4 39. Bc4+ Kh8 40. Bb3 Qd7
41. Ke1 Ra5 42. Qxb4 Raxc5 43. Ba4 Qe6 44. Re3 Rc1 45. Rxc1 Rxc1+ 46. Kd2 Rc8
47. d7 Qa2+ 48. Ke1 1-0